000 00497nmm a2200169Ia 4500
008 251105s9999||||xx |||||||||||||||||und||
020 _a9788484896142
041 _aspa
100 _aSanmartín, Julia (ed.)
245 0 _aDiscurso turístico e Internet
264 _a[Madrid, España] :
_bIberoamericana Vervuert,
_c2012
300 _a288 páginas
490 _aLingüística Iberoamericana
650 _aLexicology
856 _uhttps://public.digitaliapublishing.com/a/56833
942 _cCF
999 _c86695
_d86695